00425nam a2200145Ia 4500020002000000082001300020100001900033245007600052260004800128300000900176526003700185650003000222650000800252700001900260 a0521277728(pbk) a420bCAR aCarter- Ronald aThe Web of wordsbexploring literature through languagecRonald Carter aCambridgebCambridge University Pressc1995 a188p a0b0c0d420_000000000000000_CAR aEnglish Language -- Usage aMCE aMichal N. Long